| Tag |
First Indicator |
Second Indicator |
Subfields |
| LEADER |
00000pam a22000004a 4500 |
| 001 |
in00002013752 |
| 005 |
20151031143517.0 |
| 008 |
040615s2004 nyua b 001 0 eng |
| 010 |
|
|
|a 2004014092
|
| 016 |
7 |
|
|a 101221184
|2 DNLM
|
| 020 |
|
|
|a 1594541175 (hardcover)
|
| 035 |
|
|
|a (OCoLC)ocm55671590
|
| 040 |
|
|
|a DNLM/DLC
|c DLC
|d YDX
|d NLM
|d TXA
|d UtOrBLW
|
| 042 |
|
|
|a pcc
|
| 049 |
|
|
|a TXAM
|
| 050 |
0 |
0 |
|a TP248.25.N35
|b B54 2004
|
| 060 |
0 |
0 |
|a 2004 L-165
|
| 060 |
1 |
0 |
|a QT 36
|b B61455 2004
|
| 082 |
0 |
0 |
|a 736/.982
|2 22
|
| 245 |
0 |
0 |
|a Biocatalytic technology and nanotechnology /
|c G.E. Zaikov, editor.
|
| 264 |
|
1 |
|a Hauppauge, N.Y. :
|b Nova Science,
|c [2004]
|
| 264 |
|
4 |
|c ©2004
|
| 300 |
|
|
|a vi, 145 pages :
|b illustrations ;
|c 27 cm.
|
| 336 |
|
|
|a text
|b txt
|2 rdacontent
|
| 337 |
|
|
|a unmediated
|b n
|2 rdamedia
|
| 338 |
|
|
|a volume
|b nc
|2 rdacarrier
|
| 504 |
|
|
|a Includes bibliographical references and index.
|
| 505 |
0 |
|
|a Organized planar bio-molecular and hybrid bio-organic-inorganic nanostructures -- Influence of humic substances on degradation of oil by oil-oxidizing microorganisms -- Degradation of azo dyes by methanogenic sludge -- Screening of rhodococcus species revealing desulfurization activity with regard to dibenzothiophene -- Magnetic carriers biological preparations for diagnostics and therapy of oncological diseases -- Expression of recombinant organophosphorus hydrolase in active form -- Experience with application of biopreparation "rhoder" for remediation of oil polluted polar marshy wetland in Komi Republic -- Application of microbial cells for transformation of nucleosides into nucleoside-5'-diphosphates -- Enzymatic synthesis of polyelectrolyte complexes of conducting polyaniline -- The influence of some unnatural amino acids on the growth of cell populations having different natures -- Significance of proteinase-inhibitory balance in tears for the study of pathogenesis and elaboration of methods for therapy and prognosis of a burn wound healing in the eye -- Biocatalytic technologies for chemical synthesis, environmental protection, analytical systems and medicine.
|
| 650 |
|
0 |
|a Nanotechnology.
|
| 650 |
|
0 |
|a Biotechnology.
|
| 650 |
1 |
2 |
|a Nanotechnology
|x methods.
|
| 650 |
2 |
2 |
|a Biomedical Technology
|x methods.
|
| 650 |
2 |
2 |
|a Biotransformation.
|
| 650 |
2 |
2 |
|a Catalysis.
|
| 700 |
1 |
|
|a Zaikov, G. E.
|q (Gennadiĭ Efremovich),
|d 1935-
|
| 856 |
4 |
1 |
|3 Table of contents
|u http://www.loc.gov/catdir/toc/ecip0419/2004014092.html
|t 0
|
| 948 |
|
|
|a cataloged
|b h
|c 2004/11/22
|d c
|e ceaton
|f 1:08:30 pm
|
| 994 |
|
|
|a C0
|b TXA
|
| 999 |
|
|
|a MARS
|
| 999 |
f |
f |
|s 90230f0e-6a3e-3855-86ee-48469b0401fa
|i e92ea8e9-933c-3fdd-aaf9-bfcb62dc5907
|t 0
|
| 952 |
f |
f |
|p ric
|a Texas A&M University
|b Rellis Campus
|c Joint Library Facility
|d Remote Storage
|t 0
|e TP248.25.N35 B54 2004
|h Library of Congress classification
|i unmediated -- volume
|m A14831628121
|
| 998 |
f |
f |
|a TP248.25.N35 B54 2004
|t 0
|l Remote Storage
|